Bánk és Tiborc
Elmentve itt :
| Szerző: | |
|---|---|
| Adatforrás: | Meister |
| Forrásdokumentuma: | A Hét. - 46-47 sz., 1996, 7 p. |
| Nyelv: | magyar |
| Kulcsszavak: | művelődéspolitika kultúrfilozófia kultúra irodalom & politika kultúra (európai) európai kultúra cenzúra mecenatura |
| LEADER | 00535nab a2200205 i 4500 | ||
|---|---|---|---|
| 001 | bibPRO00006162 | ||
| 008 | 060524s1996 xx hun | ||
| 040 | |a Sz1 | ||
| 041 | |a hun | ||
| 100 | 1 | |a POMOGÁTS Béla | |
| 245 | 1 | 0 | |a Bánk és Tiborc |c POMOGÁTS Béla |
| 695 | |a művelődéspolitika | ||
| 695 | |a kultúrfilozófia | ||
| 695 | |a kultúra | ||
| 695 | |a irodalom & politika | ||
| 695 | |a kultúra (európai) | ||
| 695 | |a európai kultúra | ||
| 695 | |a cenzúra | ||
| 695 | |a mecenatura | ||
| 773 | 0 | |t A Hét. - |g 46-47 sz., 1996, 7 p. | |